Géographie du Pérou, oeuvre posthume du D.D. Mateo Paz Soldán, corrigée et augmentée par son frère le D.D. Mariano Felipe Paz Soldán. Traduction française par P. Arsène Mouqueron

Tallennettuna:
Bibliografiset tiedot
Päätekijä: Paz Soldán, Mateo (autor)
Muut tekijät: Paz Soldán, Mariano Felipe (autor)
Aineistotyyppi: Kirja
Kieli:ranska
Julkaistu: París Librairie de Firmin Didot Frères, Fils et Cie. 1863
Painos:1a. ed
Aiheet:
Tagit: Lisää tagi
Ei tageja, Lisää ensimmäinen tagi!

MARC

LEADER 00000nam a2200000 a 4500
001 UCJ6958
003 CL-VaPUC
008 070124e18630000FR |||||||||||||||||fre|d
082 0 4 |a 918.5  |b PAZ  |2 21 
100 |a Paz Soldán, Mateo  |e autor  |9 514665 
700 |a Paz Soldán, Mariano Felipe  |e autor  |9 514666 
245 1 0 |a Géographie du Pérou, oeuvre posthume du D.D. Mateo Paz Soldán, corrigée et augmentée par son frère le D.D. Mariano Felipe Paz Soldán. Traduction française par P. Arsène Mouqueron 
250 |a 1a. ed 
300 |a 144 p 
942 |c BK 
945 |d 20070124 00:00:00  |a rinostro 
260 |a París  |b Librairie de Firmin Didot Frères, Fils et Cie.  |c 1863 
500 |a 8§, media pasta.- Anteport.- v.: pié imprenta.- Port.- v. en b.- Front.: Retrato de Don Mateo Paz Soldán, grabado.- Fuera de texto, al final, mapa de los desiertos de Tarapacá y Atacama.- Ex libris de Alvaro Valenzuela 
600 0 7 |a CASTILLA, RAMON  |2 CL-VaPUC  |9 509551 
600 0 7 |a ROUAUD, MANUEL  |2 CL-VaPUC  |9 514667 
650 7 |a BIOGRAFIA  |2 CL-VaPUC  |9 504622 
650 0 |a Iconografía   |9 267998 
650 0 |a Mapas  |9 260844 
650 0 |a Recursos naturales  |9 255232 
650 7 |a DIVISION POLITICA  |2 CL-VaPUC  |9 469494 
650 0 |a Clima  |9 265281 
650 7 |a FLORA  |2 CL-VaPUC  |9 264745 
650 7 |a FAUNA  |2 CL-VaPUC  |9 349523 
650 7 |a HACIENDA  |2 CL-VaPUC  |9 342348 
650 0 |a Comercio  |9 255341 
650 0 |a Música  |9 306269 
650 7 |a FOLKLORE  |2 CL-VaPUC  |9 268291 
650 0 |a Cultura  |9 269059 
650 7 |a INSTITUCIONES  |2 CL-VaPUC  |9 329701 
650 7 |a DESCRIPCION BIBLIOFILICA  |2 CL-VaPUC  |9 504580 
650 7 |a EX LIBRIS  |2 CL-VaPUC  |9 505186 
651 0 |a Perú  |9 256567 
583 |a last modification  |c 20070124 00:00:00  |k Rodrigo Vera 
999 |c 323060  |d 323058 
952 |0 0  |1 0  |4 0  |6 918_500000000000000_PAZ_1863  |7 0  |8 X  |9 402304  |a FDOBUD  |b FDOBUD  |d 2019-11-22  |i 1055607  |o 918.5 PAZ 1863  |p 1055607  |r 2019-11-22  |w 2019-11-22  |y BK_X  |k BUD